[Event "Zonal 2.5 Absoluto"]
[Site "Asuncion"]
[Date "2009.06.10"]
[Round "1"]
[White "Butti, Enrique"]
[Black "Morovic, Ivan"]
[Result "0-1"]
[WhiteElo "2100"]
[BlackElo "2551"]
[PlyCount "60"]
[EventDate "2009.06.10"]
[EventType "team"]
[EventRounds "9"]
[EventCountry "PAR"]
[SourceDate "2009.06.10"]

1. d4 d5 2. c4 e6 3. cxd5 exd5 4. Nc3 c6 5. Bf4 Bd6 6. Bg3 Ne7 7. e3 O-O 8. Bd3
Bf5 9. Nf3 Re8 10. Nh4 Bxd3 11. Qxd3 a5 12. Nf5 Nxf5 13. Qxf5 b5 14. a3 Bf8 15.
O-O Nd7 16. Qc2 a4 17. Ne2 Rc8 18. Nf4 Nb6 19. Nd3 Nc4 20. Ne5 Na5 21. Rad1 f6
22. Nf3 Nc4 23. Nd2 Qa5 24. Nxc4 bxc4 25. Rfe1 Qb5 26. e4 dxe4 27. Rxe4 Qb3 28.
Qxb3 axb3 29. f3 Bxa3 30. bxa3 c3 0-1

[Event "Zonal 2.5 Absoluto"]
[Site "Asuncion"]
[Date "2009.06.10"]
[Round "1"]
[White "Bachmann, Axel"]
[Black "Daneri, Martin"]
[Result "1-0"]
[WhiteElo "2555"]
[BlackElo "2149"]
[PlyCount "55"]
[EventDate "2009.06.10"]
[EventType "team"]
[EventRounds "9"]
[EventCountry "PAR"]
[SourceDate "2009.06.10"]

1. e4 e6 2. d4 d5 3. Nc3 Bb4 4. exd5 exd5 5. Bd3 Nc6 6. Nge2 Nge7 7. a3 Bxc3+
8. bxc3 Bf5 9. O-O O-O 10. Rb1 Rb8 11. Nf4 Bxd3 12. cxd3 Ng6 13. Qf3 Nce7 14.
g3 Qd7 15. h4 Qc6 16. Ne2 Rfe8 17. h5 Nf8 18. Bd2 h6 19. Nf4 Ne6 20. Nxe6 Qxe6
21. Rfe1 Qd7 22. Re2 c6 23. Rbe1 Kf8 24. c4 c5 25. Bf4 Rbc8 26. dxc5 Rxc5 27.
Bxh6 d4 28. Qf6 1-0

[Event "Zonal 2.5 Absoluto"]
[Site "Asuncion"]
[Date "2009.06.10"]
[Round "1"]
[White "Benitez, Jose"]
[Black "Valdes Escobar, Alvaro"]
[Result "0-1"]
[WhiteElo "1939"]
[BlackElo "2393"]
[PlyCount "94"]
[EventDate "2009.06.10"]
[EventType "team"]
[EventRounds "9"]
[EventCountry "PAR"]
[SourceDate "2009.06.10"]

1. d4 Nf6 2. c4 e6 3. Nf3 b6 4. Nc3 Bb7 5. Bg5 Bb4 6. a3 Bxc3+ 7. bxc3 h6 8.
Bh4 d6 9. e3 Nbd7 10. Bd3 g5 11. Bg3 Ne4 12. Qc2 f5 13. Rg1 h5 14. h3 Nxg3 15.
fxg3 g4 16. Nh4 Qg5 17. Qf2 Nf6 18. Qf4 Rg8 19. d5 exd5 20. Nxf5 Qxf4 21. exf4
Kd7 22. O-O-O Rae8 23. Nh6 Rgf8 24. hxg4 hxg4 25. Bf5+ Kd8 26. Rde1 dxc4 27.
Nxg4 Rxe1+ 28. Rxe1 Nh5 29. Bg6 Nxg3 30. f5 Be4 31. Re3 Bxf5 32. Bxf5 Nxf5 33.
Rf3 Ke7 34. Ne3 Nxe3 35. Rxe3+ Kd7 36. Rg3 Rf7 37. Kd2 d5 38. Ke3 c5 39. Rg5
Re7+ 40. Kf4 Kd6 41. Rg8 d4 42. cxd4 cxd4 43. g4 d3 44. Rd8+ Rd7 45. Rh8 d2 46.
Rh1 Kc5 47. Rd1 c3 0-1

[Event "Zonal 2.5 Absoluto"]
[Site "Asuncion"]
[Date "2009.06.10"]
[Round "1"]
[White "Cubas, Jose Fernando"]
[Black "Latorre, Matias"]
[Result "1-0"]
[WhiteElo "2434"]
[BlackElo "2041"]
[PlyCount "119"]
[EventDate "2009.06.10"]
[EventType "team"]
[EventRounds "9"]
[EventCountry "PAR"]
[SourceDate "2009.06.10"]

1. e4 e5 2. Nf3 Nc6 3. Bc4 Nf6 4. d3 Bc5 5. c3 O-O 6. Nbd2 d6 7. Bb3 Be6 8. h3
a6 9. Nf1 d5 10. Qe2 dxe4 11. dxe4 Bxb3 12. axb3 Qd6 13. Ng3 Rad8 14. b4 Bb6
15. Bg5 Ne7 16. O-O h6 17. Be3 Ng6 18. Nf5 Qd3 19. Qxd3 Rxd3 20. Rfe1 Rfd8 21.
Bxb6 cxb6 22. Nh2 Ne8 23. g3 Nd6 24. Nxd6 R8xd6 25. Nf1 Kf8 26. Kg2 b5 27. Rac1
Ne7 28. f3 Nc8 29. Rc2 Nb6 30. Kf2 Rd1 31. Ree2 Nc4 32. b3 Na3 33. Rcd2 Nb1 34.
Rxd6 Rxd6 35. c4 Rd3 36. Re3 Rd4 37. Re1 Na3 38. Ra1 Nc2 39. Rc1 Nxb4 40. Ke2
bxc4 41. bxc4 a5 42. Ne3 Rd3 43. Rb1 Ra3 44. Nd5 Ra4 45. Kd2 Ra3 46. Nxb4 axb4
47. Rxb4 Rxf3 48. Rxb7 Rxg3 49. c5 Rg6 50. Kd3 Rc6 51. Kc4 Rc8 52. Kd5 g6 53.
c6 Ke8 54. Kd6 Rd8+ 55. Kxe5 Rc8 56. Kd6 Rd8+ 57. Kc5 Rd1 58. Rb8+ Ke7 59. c7
Rc1+ 60. Kb6 1-0

[Event "Zonal 2.5 Absoluto"]
[Site "Asuncion"]
[Date "2009.06.10"]
[Round "1"]
[White "Flores, Diego"]
[Black "Riline, Alejandro"]
[Result "1/2-1/2"]
[WhiteElo "2579"]
[BlackElo "2209"]
[PlyCount "44"]
[EventDate "2009.06.10"]
[EventType "team"]
[EventRounds "9"]
[EventCountry "PAR"]
[SourceDate "2009.06.10"]

1. c4 g6 2. d4 Nf6 3. Nc3 d5 4. Bg5 dxc4 5. e4 Bg7 6. Bxc4 O-O 7. e5 Nfd7 8. h4
Nb6 9. Bb3 Nc6 10. Nge2 h5 11. a4 a5 12. Be3 Nb4 13. Nf4 Bf5 14. Qe2 c6 15. f3
N6d5 16. Ncxd5 cxd5 17. O-O e6 18. g4 hxg4 19. fxg4 Be4 20. Qh2 Qb6 21. Qg3 Nd3
22. Bd1 Nxf4 1/2-1/2

[Event "Zonal 2.5 Absoluto"]
[Site "Asuncion"]
[Date "2009.06.10"]
[Round "1"]
[White "Heinichen, John"]
[Black "Demaria, Juan Pablo"]
[Result "0-1"]
[WhiteElo "1698"]
[BlackElo "2288"]
[PlyCount "80"]
[EventDate "2009.06.10"]
[EventType "team"]
[EventRounds "9"]
[EventCountry "PAR"]
[SourceDate "2009.06.10"]

1. e4 c5 2. Nc3 Nc6 3. g3 g6 4. Bg2 Bg7 5. d3 Rb8 6. a4 d6 7. f4 e6 8. Nf3 Nge7
9. O-O O-O 10. Be3 Nd4 11. Bf2 f5 12. Nd2 a6 13. Ncb1 e5 14. c3 Ne6 15. Qf3
exf4 16. exf5 Nxf5 17. gxf4 Nh4 18. Bxh4 Qxh4 19. Qg3 Rxf4 20. Na3 Qxg3 21.
hxg3 Rxf1+ 22. Rxf1 Be5 23. Bd5 Kg7 24. Nac4 Bxg3 25. Ne4 Nf4 26. Bxb7 Ne2+ 27.
Kg2 Bxb7 28. Kf3 d5 29. Nxc5 dxc4+ 30. Kxe2 Bc8 31. Kf3 Bd6 32. Ne4 Bb7 33.
dxc4 Rf8+ 34. Ke2 Bxe4 35. Rxf8 Kxf8 36. b4 Bf4 37. b5 h5 38. a5 h4 39. bxa6 h3
40. a7 h2 0-1

[Event "Zonal 2.5 Absoluto"]
[Site "Asuncion"]
[Date "2009.06.10"]
[Round "1"]
[White "Lemos, Damian"]
[Black "Goiriz, Damian"]
[Result "1-0"]
[WhiteElo "2511"]
[BlackElo "2056"]
[PlyCount "51"]
[EventDate "2009.06.10"]
[EventType "team"]
[EventRounds "9"]
[EventCountry "PAR"]
[SourceDate "2009.06.10"]

1. d4 Nf6 2. c4 e6 3. Nc3 Bb4 4. Qc2 c5 5. dxc5 Na6 6. a3 Qa5 7. Bd2 Nxc5 8.
Rd1 Bxc3 9. Bxc3 Qa4 10. Qxa4 Nxa4 11. Be5 d5 12. cxd5 exd5 13. e3 O-O 14. b3
Nb6 15. Ne2 Bg4 16. f3 Be6 17. Bb2 Rfc8 18. Nd4 a5 19. a4 Nfd7 20. Kd2 Nc5 21.
Rc1 Na6 22. Bxa6 Rxa6 23. Rxc8+ Bxc8 24. Rc1 Ra8 25. Rc7 Nd7 26. Nf5 1-0

[Event "Zonal 2.5 Absoluto"]
[Site "Asuncion"]
[Date "2009.06.10"]
[Round "1"]
[White "Pereira, Fabian"]
[Black "Lafuente, Pablo"]
[Result "1-0"]
[WhiteElo "2062"]
[BlackElo "2524"]
[PlyCount "105"]
[EventDate "2009.06.10"]
[EventType "team"]
[EventRounds "9"]
[EventCountry "PAR"]
[SourceDate "2009.06.10"]

1. e4 c6 2. d4 d5 3. Nd2 dxe4 4. Nxe4 Bf5 5. Ng3 Bg6 6. Nf3 Nf6 7. h4 Nh5 8.
Ne2 e6 9. Ne5 Nd7 10. g4 Nhf6 11. Nxg6 hxg6 12. Ng3 Qc7 13. Qf3 Bd6 14. Bd2 Nd5
15. O-O-O Bf4 16. c4 Bxd2+ 17. Rxd2 Qf4 18. Be2 Qxf3 19. Bxf3 Nf4 20. g5 Ke7
21. Ne2 Nxe2+ 22. Rxe2 Kd6 23. h5 gxh5 24. Rxh5 g6 25. Rxh8 Rxh8 26. Kd2 Rh3
27. Re3 Nf8 28. Ke2 Nd7 29. b4 Rh8 30. a4 Rb8 31. c5+ Kc7 32. b5 Rd8 33. Rc3
Nf8 34. Ke3 Nh7 35. Bg2 Nxg5 36. Rb3 e5 37. dxe5 Ne6 38. bxc6 bxc6 39. Rb4 g5
40. Rc4 Rd1 41. Be4 a5 42. Ke2 Ra1 43. Kf3 Ra2 44. Bf5 Nf4 45. Bc2 Rb2 46. Kg4
Ne6 47. Kf5 Kd8 48. Kf6 Ke8 49. f3 Rb4 50. Rxb4 axb4 51. Bb3 Nxc5 52. Bxf7+ Kd8
53. e6 1-0

[Event "Zonal 2.5 Absoluto"]
[Site "Asuncion"]
[Date "2009.06.10"]
[Round "1"]
[White "Pierrot, Facundo"]
[Black "Gamarra, Ramon"]
[Result "1-0"]
[WhiteElo "2424"]
[BlackElo "1990"]
[PlyCount "101"]
[EventDate "2009.06.10"]
[EventType "team"]
[EventRounds "9"]
[EventCountry "PAR"]
[SourceDate "2009.06.10"]

1. e4 c5 2. Nf3 d6 3. d4 cxd4 4. Nxd4 Nf6 5. Nc3 a6 6. Be2 e5 7. Nb3 Be7 8. Bg5
Nbd7 9. a4 O-O 10. O-O b6 11. Bc4 Bb7 12. Qe2 Qc7 13. Rfd1 Rfc8 14. Nd2 h6 15.
Bxf6 Nxf6 16. Bb3 Bc6 17. Nc4 b5 18. Ne3 Qb7 19. axb5 axb5 20. Rxa8 Rxa8 21.
Ncd5 Nxd5 22. Bxd5 Bf8 23. h4 Ra4 24. Qf3 Bxd5 25. Nxd5 Qc6 26. c3 Qe8 27. Rd3
Qd8 28. g3 Qc8 29. Kg2 Ra1 30. Rd1 Ra2 31. Qe2 Qc5 32. Nb4 Ra5 33. Rd5 Qb6 34.
c4 bxc4 35. Rxa5 Qxa5 36. Qxc4 Qc5 37. Qxc5 dxc5 38. Nd5 h5 39. Kf3 Kh7 40. Ke3
Kh6 41. Kd3 g5 42. Ne3 Kg6 43. Nf5 f6 44. Kc4 Kf7 45. Kd5 Kg6 46. b3 g4 47. Ke6
c4 48. bxc4 Bc5 49. Kd5 Bxf2 50. c5 Kf7 51. c6 1-0

[Event "Zonal 2.5 Absoluto"]
[Site "Asuncion"]
[Date "2009.06.10"]
[Round "1"]
[White "Rodriguez, Andres"]
[Black "Del Puerto, Rodrigo"]
[Result "1-0"]
[WhiteElo "2524"]
[BlackElo "2090"]
[PlyCount "115"]
[EventDate "2009.06.10"]
[EventType "team"]
[EventRounds "9"]
[EventCountry "PAR"]
[SourceDate "2009.06.10"]

1. f4 c5 2. Nf3 Nf6 3. g3 b6 4. Bg2 Bb7 5. O-O e6 6. d3 d5 7. Qe1 Be7 8. e4
dxe4 9. Ng5 Nc6 10. dxe4 h6 11. Nh3 e5 12. c3 O-O 13. Na3 Re8 14. Qe2 Bf8 15.
f5 Qd7 16. g4 Rad8 17. Nf2 Nh7 18. Nc2 Qc8 19. Qf3 Be7 20. Qg3 Ba6 21. Re1 Rd6
22. Be3 Qd8 23. Rad1 Bh4 24. Rxd6 Bxg3 25. Rxd8 Bxf2+ 26. Kxf2 Rxd8 27. Bc1 Bd3
28. Ne3 Nf6 29. Nd5 Nxe4+ 30. Rxe4 Rxd5 31. Re1 Rd6 32. Rd1 c4 33. b3 b5 34.
Be4 Ne7 35. Bxd3 cxd3 36. Ba3 Rd7 37. Bxe7 Rxe7 38. Rxd3 Rc7 39. Ke3 Kf8 40.
Ke4 f6 41. Rd8+ Ke7 42. Rb8 Kd7 43. Rxb5 Rxc3 44. Ra5 Rc7 45. h4 Kc6 46. Ra6+
Kd7 47. g5 hxg5 48. hxg5 Ke7 49. Re6+ Kf7 50. g6+ Kf8 51. a3 Rb7 52. b4 Re7 53.
Ra6 Rd7 54. b5 Ke7 55. a4 Kd8 56. a5 Kc8 57. Re6 Kb7 58. Re8 1-0

[Event "Zonal 2.5 Absoluto"]
[Site "Asuncion"]
[Date "2009.06.10"]
[Round "1"]
[White "Roman, Rodrigo"]
[Black "Garcia Cardenas, Pablo"]
[Result "1-0"]
[WhiteElo "1848"]
[BlackElo "2314"]
[PlyCount "109"]
[EventDate "2009.06.10"]
[EventType "team"]
[EventRounds "9"]
[EventCountry "PAR"]
[SourceDate "2009.06.10"]

1. c4 e6 2. g3 d5 3. Bg2 Nf6 4. d4 dxc4 5. Qa4+ Bd7 6. Qxc4 Bc6 7. Nf3 b5 8.
Qc2 a6 9. O-O Be7 10. Nbd2 Bb7 11. a3 O-O 12. e4 Nbd7 13. e5 Nd5 14. Ne4 Rc8
15. Nc5 Nxc5 16. dxc5 a5 17. Bd2 b4 18. axb4 Nxb4 19. Bxb4 axb4 20. c6 Ba8 21.
Rfd1 Qe8 22. Nd4 Rb8 23. Ra7 Qc8 24. Be4 g6 25. Nb3 Rb5 26. Rd7 Bd8 27. Ra5 Rb6
28. h4 Kg7 29. Nd4 Re8 30. h5 Re7 31. h6+ Kg8 32. Qd2 Rb8 33. Nb3 Re8 34. Qf4
Rf8 35. Nd4 b3 36. Nxe6 Qxd7 37. cxd7 fxe6 38. Qg4 Bxe4 39. Qxe4 Rf7 40. Qc6
Re7 41. Ra7 Rb6 42. Qa4 Rf7 43. Ra8 Rf8 44. Qa3 Kf7 45. Qc5 Rb7 46. Qc6 Rb6 47.
Qc5 Rb7 48. Qc6 Rb6 49. Qc5 Rb7 50. Ra6 Rb6 51. Ra4 Kg8 52. Rb4 Rf7 53. Rxb6
cxb6 54. Qc6 Re7 55. Qc8 1-0

[Event "Zonal 2.5 Absoluto"]
[Site "Asuncion"]
[Date "2009.06.10"]
[Round "1"]
[White "Roselli, Bernardo"]
[Black "Perez Ferloni, Jose"]
[Result "1-0"]
[WhiteElo "2379"]
[BlackElo "1916"]
[PlyCount "63"]
[EventDate "2009.06.10"]
[EventType "team"]
[EventRounds "9"]
[EventCountry "PAR"]
[SourceDate "2009.06.10"]

1. d4 d5 2. c4 e6 3. Nc3 Nf6 4. Bg5 Be7 5. e3 O-O 6. Nf3 b6 7. cxd5 Nxd5 8.
Bxe7 Qxe7 9. Nxd5 exd5 10. Rc1 Bg4 11. Be2 Qb4+ 12. Qd2 c5 13. h3 Be6 14. Qxb4
cxb4 15. Kd2 Nd7 16. Ba6 Nf6 17. Ne5 Bc8 18. Bd3 Ne4+ 19. Ke2 a5 20. Rc7 a4 21.
Nc6 a3 22. Bxe4 dxe4 23. f3 Ba6+ 24. Kd2 f5 25. g3 Rf7 26. Rxf7 Kxf7 27. Nxb4
Bc8 28. Rc1 g5 29. Rc7+ Kg6 30. Nd5 Be6 31. Rc6 Kf7 32. Rxe6 1-0

[Event "Zonal 2.5 Absoluto"]
[Site "Asuncion"]
[Date "2009.06.10"]
[Round "1"]
[White "Sartori, Sergio"]
[Black "Mareco, Sandro"]
[Result "0-1"]
[WhiteElo "2051"]
[BlackElo "2512"]
[PlyCount "66"]
[EventDate "2009.06.10"]
[EventType "team"]
[EventRounds "9"]
[EventCountry "PAR"]
[SourceDate "2009.06.10"]

1. e4 e5 2. Nc3 Nf6 3. Bc4 Bc5 4. d3 d6 5. Nf3 c6 6. O-O O-O 7. d4 exd4 8. Nxd4
Re8 9. Nb3 Bb4 10. f3 Nbd7 11. Bg5 h6 12. Bh4 Ne5 13. Be2 Ng6 14. Bg3 d5 15.
Na4 dxe4 16. Qxd8 Rxd8 17. Nac5 Bxc5+ 18. Nxc5 Rd2 19. Bd1 exf3 20. Rxf3 Bg4
21. Rxf6 Bxd1 22. Rd6 Rxc2 23. b4 Bg4 24. Nxb7 Be6 25. a3 Bd5 26. Bf2 Nf4 27.
Re1 Nd3 28. Rf1 Re8 29. Rd8 Rxd8 30. Nxd8 Nf4 31. Rd1 Bxg2 32. Nb7 Kh7 33. Na5
Bf3 0-1

[Event "Zonal 2.5 Absoluto"]
[Site "Asuncion"]
[Date "2009.06.10"]
[Round "1"]
[White "Villalba, Marcelo"]
[Black "Lopez Silva, Hugo"]
[Result "0-1"]
[WhiteElo "2020"]
[BlackElo "2424"]
[PlyCount "78"]
[EventDate "2009.06.10"]
[EventType "team"]
[EventRounds "9"]
[EventCountry "PAR"]
[SourceDate "2009.06.10"]

1. e4 e5 2. Nf3 Nc6 3. Bc4 Bc5 4. Nc3 Nf6 5. d3 d6 6. Be3 Bb6 7. h3 Qe7 8. Qe2
Be6 9. Bb5 O-O 10. Bxc6 bxc6 11. d4 exd4 12. Nxd4 Bd7 13. Nb3 Rfe8 14. O-O Qf8
15. Bxb6 axb6 16. Qd3 b5 17. a3 Rab8 18. Rfe1 c5 19. Nd5 Nxd5 20. Qxd5 Re5 21.
Qd2 Qe7 22. f3 Re8 23. Rad1 f5 24. f4 Rxe4 25. Rxe4 fxe4 26. Nxc5 Bc6 27. Nb3
e3 28. Qe2 Qe4 29. Nd4 Bd5 30. b3 c6 31. c3 c5 32. Nxb5 Bxb3 33. Re1 Qxf4 34.
Rf1 Bc4 35. Rxf4 Bxe2 36. Nxd6 Re6 37. Nf5 Bd3 38. Ng3 e2 39. Nxe2 Rxe2 0-1

[Event "Zonal 2.5 Absoluto"]
[Site "Asuncion"]
[Date "2009.06.10"]
[Round "1"]
[White "Zacarias, Ruben"]
[Black "Felgaer, Ruben"]
[Result "0-1"]
[WhiteElo "2209"]
[BlackElo "2561"]
[PlyCount "121"]
[EventDate "2009.06.10"]
[EventType "team"]
[EventRounds "9"]
[EventCountry "PAR"]
[SourceDate "2009.06.10"]

1. e4 c5 2. Nf3 e6 3. d4 cxd4 4. Nxd4 a6 5. Bd3 Bc5 6. Nb3 Ba7 7. Nc3 Nc6 8.
O-O Nge7 9. Qe2 O-O 10. Kh1 e5 11. f4 exf4 12. Bxf4 d6 13. Nd5 Ng6 14. Bg3 Nce5
15. Ne3 Be6 16. Nf5 Rc8 17. Nbd4 Re8 18. Nxe6 fxe6 19. Ne3 Qc7 20. h4 Qe7 21.
Bxe5 Nxe5 22. g3 Bxe3 23. Qxe3 h6 24. c3 Qd7 25. Be2 Qc6 26. Rad1 Rf8 27. Rf4
Rfd8 28. Qd4 Rd7 29. Rdf1 Rcd8 30. Bg4 Re7 31. Bh3 Qb5 32. b3 Qc6 33. c4 Ree8
34. Kh2 Re7 35. R1f2 Qc7 36. Rf1 Qc6 37. R1f2 a5 38. Rf1 b6 39. R1f2 Qc5 40.
Qd1 Qe3 41. Qf1 Kh7 42. h5 Rde8 43. Bg2 Kg8 44. Bh3 Kh7 45. Bg2 Qd4 46. Bh3 Qc5
47. Bg2 a4 48. Bh3 axb3 49. axb3 Qd4 50. Bg4 Qe3 51. Bd1 Ra8 52. Qe2 Qd3 53.
Bc2 Qd4 54. Qd2 Qc5 55. Bd1 Kg8 56. Bg4 Nxg4+ 57. Rxg4 Qxh5+ 58. Rh4 Qe5 59.
Rg4 Qh5+ 60. Rh4 Qe5 61. Rg4 0-1

[Event "Zonal 2.5 Absoluto"]
[Site "Asuncion"]
[Date "2009.06.11"]
[Round "2"]
[White "Demaria, Juan Pablo"]
[Black "Lemos, Damian"]
[Result "0-1"]
[WhiteElo "2288"]
[BlackElo "2511"]
[PlyCount "266"]
[EventDate "2009.06.10"]
[EventType "team"]
[EventRounds "9"]
[EventCountry "PAR"]
[SourceDate "2009.06.10"]

1. e4 c5 2. Nf3 e6 3. d4 cxd4 4. Nxd4 a6 5. Nc3 Qc7 6. Bd3 Nf6 7. f4 d6 8. O-O
b5 9. Qe2 Bb7 10. Bd2 Nbd7 11. b4 e5 12. Nf5 g6 13. Ne3 exf4 14. Rxf4 Bg7 15.
a4 O-O 16. Ra3 bxa4 17. Rxa4 Nh5 18. Ned5 Nxf4 19. Bxf4 Qd8 20. Kh1 Rc8 21. Ra3
Re8 22. Bxa6 Bxa6 23. Qxa6 Bxc3 24. Rxc3 Rxc3 25. Nxc3 Qa8 26. Qxa8 Rxa8 27. h3
Rc8 28. Nd5 Rxc2 29. Bxd6 f6 30. b5 Rb2 31. b6 Nxb6 32. Nxf6+ Kg7 33. Be5 Rb1+
34. Kh2 Nc4 35. Bd4 Rd1 36. Bc3 Rd3 37. Ba1 Ne3 38. Ng4+ Kf8 39. Nxe3 Rxe3 40.
e5 Kf7 41. Bd4 Re4 42. Bb2 Ke6 43. Kg3 Re2 44. Ba1 Ra2 45. Bd4 Kd5 46. Bb6 Kxe5
47. Kf3 Ra3+ 48. Kg4 Ra2 49. Bc7+ Kf6 50. Kf3 Kf5 51. g4+ Ke6 52. Kf4 Rh2 53.
Kg3 Rc2 54. Bf4 Rc3+ 55. Kg2 Kd5 56. Bh6 Ke4 57. Bg5 Rc5 58. Bh6 Rb5 59. Kg3
Rb3+ 60. Kg2 Rc3 61. Bg5 Ra3 62. Bh6 Ra5 63. Kg3 Rd5 64. Kg2 g5 65. Kg3 Rd3+
66. Kg2 Kf4 67. h4 Rd2+ 68. Kh3 Rd3+ 69. Kg2 Kxg4 70. Bxg5 Rg3+ 71. Kf2 Ra3 72.
Bd8 h6 73. Kg2 Ra2+ 74. Kg1 Kg3 75. Bc7+ Kxh4 76. Bd6 Kh3 77. Be5 Rc2 78. Bf4
Rg2+ 79. Kh1 Re2 80. Kg1 Re6 81. Bc7 Kg4 82. Kg2 Ra6 83. Kg1 Rc6 84. Be5 Kf3
85. Bb8 Rg6+ 86. Kh1 Rg4 87. Kh2 Rb4 88. Bc7 Rb5 89. Bd6 Rd5 90. Bc7 Rd4 91.
Bb8 Rh4+ 92. Kg1 Rh3 93. Bc7 Kg4 94. Bd6 Rb3 95. Kg2 Rb2+ 96. Kg1 Kh3 97. Bc7
Rd2 98. Bf4 Rd1+ 99. Kf2 h5 100. Bc7 Rd7 101. Bb8 Rg7 102. Kf1 Rg2 103. Bc7 Ra2
104. Kg1 Kg4 105. Bd6 Kf3 106. Bc7 Rg2+ 107. Kh1 Kf2 108. Bd6 Kf1 109. Bc7 Rc2
110. Bb8 Rb2 111. Bd6 Ra2 112. Bc7 Rb2 113. Bd6 Kf2 114. Kh2 Rc2 115. Kh1 Rc4
116. Bb8 Rh4+ 117. Bh2 Kf3 118. Kg1 Rd4 119. Bc7 Rd2 120. Kh1 Kg4 121. Bb6 Rc2
122. Ba7 Rb2 123. Bc5 Kg3 124. Bd6+ Kh4 125. Be7+ Kh3 126. Bc5 h4 127. Bd4 Rh2+
128. Kg1 Rd2 129. Bb6 Rd1+ 130. Kf2 Kh2 131. Ba7 Rd3 132. Bb8+ Kh1 133. Ba7 Rd7
0-1

[Event "Zonal 2.5 Absoluto"]
[Site "Asuncion"]
[Date "2009.06.11"]
[Round "2"]
[White "Del Puerto, Rodrigo"]
[Black "Benitez, Jose"]
[Result "1-0"]
[WhiteElo "2090"]
[BlackElo "1939"]
[PlyCount "61"]
[EventDate "2009.06.10"]
[EventType "team"]
[EventRounds "9"]
[EventCountry "PAR"]
[SourceDate "2009.06.10"]

1. e4 b6 2. d4 e6 3. Nf3 Bb7 4. Bd3 c5 5. c3 d6 6. O-O Nd7 7. Qe2 Be7 8. Nbd2
Qc7 9. Re1 Ngf6 10. a4 h6 11. Nc4 Nf8 12. e5 Nd5 13. Nxd6+ Bxd6 14. exd6 Qxd6
15. Ne5 Nd7 16. Qg4 Nxe5 17. dxe5 Qe7 18. Bb5+ Kf8 19. h4 Nc7 20. Bf1 Rd8 21.
h5 Qd7 22. a5 b5 23. Be3 Qc6 24. b4 Na6 25. Rad1 Rd5 26. Bc1 c4 27. Rxd5 exd5
28. e6 Qe8 29. Bf4 Qe7 30. Qg3 Qe8 31. Bd6+ 1-0

[Event "Zonal 2.5 Absoluto"]
[Site "Asuncion"]
[Date "2009.06.11"]
[Round "2"]
[White "Felgaer, Ruben"]
[Black "Pierrot, Facundo"]
[Result "1/2-1/2"]
[WhiteElo "2561"]
[BlackElo "2424"]
[PlyCount "90"]
[EventDate "2009.06.10"]
[EventType "team"]
[EventRounds "9"]
[EventCountry "PAR"]
[SourceDate "2009.06.10"]

1. e4 e5 2. Nf3 Nf6 3. Nxe5 d6 4. Nc4 Nxe4 5. Nc3 Nxc3 6. bxc3 Be7 7. d4 O-O 8.
Bd3 Re8 9. O-O Nd7 10. Ne3 Nf6 11. c4 c6 12. Rb1 Bf8 13. Qf3 g6 14. h3 Bg7 15.
Ba3 Qc7 16. Rfd1 b6 17. c3 Bd7 18. Bc2 c5 19. Qf4 Rac8 20. Rd2 Bc6 21. Rbd1 Be4
22. Ba4 Bc6 23. Bxc6 Qxc6 24. dxc5 dxc5 25. Rd6 Nh5 26. Qg4 Qe4 27. Nd5 Qe5 28.
Rd7 Nf6 29. Nxf6+ Qxf6 30. Rxa7 Qxc3 31. g3 Rcd8 32. Rxd8 Rxd8 33. Qf4 Qf6 34.
Qxf6 Bxf6 35. Kg2 Kg7 36. Ra6 Rd2 37. Bc1 Rc2 38. Be3 Rxc4 39. Rxb6 Ra4 40.
Bxc5 Rxa2 41. g4 h5 42. gxh5 gxh5 43. Be3 Ra4 44. Rb5 Kg6 45. Rb6 Kg7 1/2-1/2

[Event "Zonal 2.5 Absoluto"]
[Site "Asuncion"]
[Date "2009.06.11"]
[Round "2"]
[White "Gamarra, Ramon"]
[Black "Zacarias, Ruben"]
[Result "1-0"]
[WhiteElo "1990"]
[BlackElo "2209"]
[PlyCount "75"]
[EventDate "2009.06.10"]
[EventType "team"]
[EventRounds "9"]
[EventCountry "PAR"]
[SourceDate "2009.06.10"]

1. e4 e6 2. d4 d5 3. Nc3 Nf6 4. Bg5 Bb4 5. Bxf6 Qxf6 6. e5 Qe7 7. a3 Bxc3+ 8.
bxc3 c5 9. Nf3 Nc6 10. Bd3 O-O 11. O-O c4 12. Be2 f6 13. exf6 Qxf6 14. Qd2 Bd7
15. Rae1 Qe7 16. Qc1 Qd6 17. Bd1 Rf5 18. Nh4 Rf6 19. f4 b5 20. g3 a5 21. Re3 b4
22. axb4 axb4 23. Nf3 Rff8 24. Rfe1 Rfb8 25. cxb4 Nxb4 26. Ne5 Na2 27. Qd2 c3
28. Qf2 Bc8 29. Nd3 Ra4 30. f5 exf5 31. Re8+ Kf7 32. Rxc8 g6 33. Rxb8 Qxb8 34.
Qe3 Qd8 35. Qe6+ Kg7 36. Nc5 Rc4 37. Qe5+ Qf6 38. Qxd5 1-0

[Event "Zonal 2.5 Absoluto"]
[Site "Asuncion"]
[Date "2009.06.11"]
[Round "2"]
[White "Garcia Cardenas, Pablo"]
[Black "Lafuente, Pablo"]
[Result "0-1"]
[WhiteElo "2314"]
[BlackElo "2524"]
[PlyCount "80"]
[EventDate "2009.06.10"]
[EventType "team"]
[EventRounds "9"]
[EventCountry "PAR"]
[SourceDate "2009.06.10"]

1. e4 e5 2. Nf3 Nc6 3. Bb5 a6 4. Ba4 Nf6 5. O-O Be7 6. Re1 b5 7. Bb3 d6 8. c3
O-O 9. h3 Nb8 10. d4 Nbd7 11. Nbd2 Bb7 12. Bc2 Re8 13. Nf1 Bf8 14. Ng3 c6 15.
Bg5 Qc7 16. Nf5 h6 17. dxe5 dxe5 18. Be3 c5 19. Nd2 c4 20. Qf3 Re6 21. b3 Rd8
22. Rad1 Kh7 23. Qe2 Rc8 24. f3 g6 25. Ng3 a5 26. Kh2 Ba6 27. Nh1 Nc5 28. bxc4
bxc4 29. Nf2 Qc6 30. g4 Nfd7 31. Nb1 Nb6 32. Rd2 Rd6 33. Rxd6 Qxd6 34. Rd1 Qc6
35. Qd2 Ne6 36. Kg2 Bb5 37. Kf1 Be7 38. Qc1 Rb8 39. Kg2 Ba4 40. Bxa4 Nxa4 0-1

[Event "Zonal 2.5 Absoluto"]
[Site "Asuncion"]
[Date "2009.06.11"]
[Round "2"]
[White "Goiriz, Damian"]
[Black "Heinichen, John"]
[Result "1-0"]
[WhiteElo "2056"]
[BlackElo "1691"]
[PlyCount "51"]
[EventDate "2009.06.10"]
[EventType "team"]
[EventRounds "9"]
[EventCountry "PAR"]
[SourceDate "2009.06.10"]

1. Nf3 c5 2. c4 Nf6 3. Nc3 e6 4. d4 d5 5. cxd5 Nxd5 6. g3 Nc6 7. Bg2 cxd4 8.
Nxd4 Nxc3 9. bxc3 Nxd4 10. Qxd4 Be7 11. Qxd8+ Bxd8 12. Rb1 O-O 13. Ba3 Re8 14.
O-O Be7 15. Bxe7 Rxe7 16. Rfd1 g6 17. Rd8+ Kg7 18. f4 Rb8 19. c4 Rc7 20. Re8
Rxc4 21. Rd1 b5 22. Rdd8 a5 23. g4 Kf6 24. e4 Rc1+ 25. Bf1 Kg7 26. g5 1-0

[Event "Zonal 2.5 Absoluto"]
[Site "Asuncion"]
[Date "2009.06.11"]
[Round "2"]
[White "Latorre, Matias"]
[Black "Sartori, Sergio"]
[Result "1-0"]
[WhiteElo "2041"]
[BlackElo "2051"]
[PlyCount "105"]
[EventDate "2009.06.10"]
[EventType "team"]
[EventRounds "9"]
[EventCountry "PAR"]
[SourceDate "2009.06.10"]

1. e4 e5 2. Nf3 Nc6 3. Bb5 Bc5 4. c3 Nf6 5. d3 d6 6. Nbd2 O-O 7. O-O Qe7 8. h3
Nd8 9. Re1 c6 10. Ba4 Bb6 11. Nf1 Ne8 12. Bb3 Kh8 13. d4 Qc7 14. Ng3 Be6 15.
Bc2 f6 16. Qd3 g6 17. Bh6 Ng7 18. c4 Nf7 19. Bxg7+ Kxg7 20. d5 Bd7 21. Nd2 Rac8
22. b4 Bd4 23. Rab1 b5 24. Bb3 Qb6 25. Rf1 a5 26. Ne2 axb4 27. Nxd4 exd4 28. f4
cxd5 29. cxd5 Rc3 30. Qe2 Rfc8 31. Rf3 Qc5 32. Kh2 Re8 33. g4 f5 34. gxf5 Bxf5
35. Qg2 Bxe4 36. Nxe4 Rxe4 37. Rxc3 bxc3 38. Qxe4 Nh6 39. Qe7+ Kg8 40. Qe8+ Kg7
41. Re1 Nf5 42. Qc6 d3 43. Qxc5 dxc5 44. a4 c4 45. Bd1 b4 46. a5 Nd6 47. a6 Nb5
48. d6 d2 49. Re4 c2 50. Bxc2 b3 51. d7 bxc2 52. d8=Q d1=Q 53. Re7+ 1-0

[Event "Zonal 2.5 Absoluto"]
[Site "Asuncion"]
[Date "2009.06.11"]
[Round "2"]
[White "Lopez Silva, Hugo"]
[Black "Flores, Diego"]
[Result "0-1"]
[WhiteElo "2424"]
[BlackElo "2585"]
[PlyCount "62"]
[EventDate "2009.06.10"]
[EventType "team"]
[EventRounds "9"]
[EventCountry "PAR"]
[SourceDate "2009.06.10"]

1. e4 g6 2. d4 Bg7 3. Nf3 d6 4. Bc4 Nf6 5. Qe2 c6 6. e5 Nd5 7. h3 O-O 8. O-O a5
9. a4 Na6 10. Nbd2 Nac7 11. Ne4 b5 12. axb5 cxb5 13. Ba2 Bb7 14. c3 Qd7 15. Re1
h6 16. Nh2 Kh7 17. f4 f5 18. exf6 exf6 19. f5 gxf5 20. Ng3 f4 21. Nf5 Rae8 22.
Qf2 Rxe1+ 23. Qxe1 Re8 24. Qf2 Qxf5 25. Bb1 Re4 26. Qf3 Ne7 27. Bxe4 Bxe4 28.
Qxf4 Qg6 29. Qf2 a4 30. Bf4 f5 31. Qg3 Ne8 0-1